000
00320nam a22001457a 4500
003
OSt
082
_a
630
_b
HIR/KR
245
_a
Krishi Pratibhe
260
_a
Dharwad
_b
Sonnad
_c
2000
300
_a
xv, 1054 Pages
700
_a
Hiremath,K C
700
_a
Raghavendra Rao, K
700
_a
Gunjetti, B V
942
_2
ddc
_c
BK
999
_c
142915
_d
142915